000 00620cam a2200205 a 4500
001 000008610
005 20200929161355.0
008 820803|1970 mx a 001 f spa
040 _aDO-SdBNP
_bspa
_cDLC
_dBNPHU
082 _aM863.44
_bP228h
100 1 _aPareyón, Armando,
_d1897-
_923039
245 1 0 _aLos de hasta abajo /
_cArmando Pareyón.
260 _aMéxico :
_bDiana,
_c1970.
300 _a147 p. :
_bil. ;
_c20 cm.
504 _aIncluye índice y vocabulario de terminos
650 4 _aNovela mexicana
_93959
650 4 _aLiteratura mexicana
_91922
910 _aCatalogación por copia / LC
049 _aBNGR
999 _c8380
_d8380